[Event "Olimpiade 2014 - Open"]
[Site "Tromsø"]
[Date "06.08.2014"]
[Round "5.69"]
[Board "4"]
[White "Wong, Kit"]
[Black "Frick, Renato"]
[Result "1-0"]
[WhiteElo "1565"]
[BlackElo "2057"]
[WhiteTeam "Macau"]
[BlackTeam "Liechtenstein"]
[WhiteFideId "15400379"]
[BlackFideId "12000027"]
[EventDate "2014.08.02"]

1. e4 g6 2. d4 Bg7 3. Nf3 d6 4. Be3 Nf6 5. Nc3 Nbd7 6. Qd2 O-O 7. O-O-O Ng4 8.
Bf4 e5 9. dxe5 Ndxe5 10. Nxe5 Nxe5 11. Bh6 Be6 12. Bxg7 Kxg7 13. f4 Nc6 14. Nd5
Bxd5 15. Qxd5 Qf6 16. g3 Rfe8 17. Bg2 Re7 18. Qb5 Nd8 19. Rhe1 a6 20. Qd5 Rb8
21. e5 dxe5 22. Rxe5 Rxe5 23. Qxe5 Qxe5 24. fxe5 Ne6 25. Rd7 Rd8 26. Rxd8 Nxd8
27. Bd5 f6 28. exf6+ Kxf6 29. Kd2 Ke5 30. Bg8 h6 31. Ke3 Nc6 32. c3 Ne7 33. Bf7
g5 34. Kf3 c5 35. Ke3 Nf5+ 36. Kd3 Nd6 37. Bg8 Ne4 38. Bh7 Nf6 39. Bg6 Ng4 40.
h4 gxh4 41. gxh4 Kf4 42. h5 Ne5+ 43. Kc2 Kg5 44. Be8 Kf6 45. Kd2 b5 46. a4 Nc4+
47. Kc2 Nd6 48. axb5 Nxe8 49. bxa6 Nc7 50. a7 Kg5 51. Kb3 Kxh5 52. Kc4 Kg5 53.
Kxc5 h5 54. Kc6 Na8 55. Kb7 h4 56. Kxa8 1-0

[Event "Olimpiade 2014 - Open"]
[Site "Tromsø"]
[Date "06.08.2014"]
[Round "5.70"]
[Board "1"]
[White "Mueller, Leonhard"]
[Black "Holland, Christopher"]
[Result "1-0"]
[WhiteTitle "FM"]
[WhiteElo "2183"]
[BlackElo "2270"]
[WhiteTeam "Namibia"]
[BlackTeam "Guernsey"]
[WhiteFideId "15200019"]
[BlackFideId "10700072"]
[EventDate "2014.08.02"]

1. d4 Nf6 2. c4 g6 3. Nc3 Bg7 4. e4 d6 5. Nf3 O-O 6. Be2 e5 7. O-O Nc6 8. d5 Ne7
9. Nd2 a5 10. a3 Nd7 11. Rb1 f5 12. b4 Kh8 13. f3 Ng8 14. Qc2 Ngf6 15. Bd3 f4
16. Nb5 axb4 17. axb4 g5 18. c5 Ne8 19. Be2 Ndf6 20. Bb2 g4 21. Ra1 Rxa1 22.
Rxa1 gxf3 23. Bxf3 Bd7 24. Qd3 Ng4 25. Bxg4 Bxg4 26. Nf3 Nf6 27. Bc3 Bd7 28. Na3
Qe8 29. b5 Qg6 30. c6 bxc6 31. bxc6 Bg4 32. Re1 Ra8 33. Nc4 Ra2 34. Ncd2 Nxd5
35. Nh4 Qg5 36. Qxd5 Qxh4 37. Qxa2 Qxe1+ 38. Nf1 Qxc3 39. Qa8+ Bc8 40. Qxc8+ Bf8
41. Qxf8# 1-0

[Event "Olimpiade 2014 - Open"]
[Site "Tromsø"]
[Date "06.08.2014"]
[Round "5.70"]
[Board "2"]
[White "Rowe, Peter"]
[Black "Eichab, Charles"]
[Result "0-1"]
[WhiteTitle "CM"]
[BlackTitle "CM"]
[WhiteElo "1976"]
[BlackElo "2048"]
[WhiteTeam "Guernsey"]
[BlackTeam "Namibia"]
[WhiteFideId "10700099"]
[BlackFideId "15200051"]
[EventDate "2014.08.02"]

1. d4 Nf6 2. Bf4 c5 3. e3 e6 4. c3 Be7 5. Nf3 b6 6. Bd3 Bb7 7. O-O Nh5 8. Bxb8
Qxb8 9. Ne5 Nf6 10. Nd2 O-O 11. Qc2 h6 12. Ne4 Qc7 13. f4 cxd4 14. exd4 Nd5 15.
Qd2 f5 16. Ng3 Bd6 17. Rae1 a6 18. Nh5 Nf6 19. Ng3 Nd5 20. Nh5 Nf6 21. Ng3 Rac8
22. Qe2 b5 23. a3 Bd5 24. Nh5 Ne4 25. Nxg7 Kxg7 26. Bxe4 Bxe4 27. Qh5 Bxe5 28.
fxe5 Qd8 29. Re3 Qe8 30. Rg3+ Kh7 31. Qh4 Rg8 32. Rf4 Rxg3 33. hxg3 Qg6 34. Qe7+
Qg7 35. Qh4 Qg5 36. Qh3 Rg8 37. Kh2 Rg6 38. b3 Bd5 39. b4 Kg7 40. Rf2 Qe3 41.
Rf4 Qe2 42. Rh4 h5 43. Rf4 Rg4 0-1

[Event "Olimpiade 2014 - Open"]
[Site "Tromsø"]
[Date "06.08.2014"]
[Round "5.71"]
[Board "1"]
[White "Seijp V/d, Quintin"]
[Black "Kett, Tim"]
[Result "0-1"]
[WhiteElo "1883"]
[BlackElo "2244"]
[WhiteTeam "Aruba"]
[BlackTeam "Wales"]
[WhiteFideId "15900428"]
[BlackFideId "1801210"]
[EventDate "2014.08.02"]

1. e4 d6 2. d4 Nf6 3. Nc3 Nbd7 4. Be3 e5 5. Nf3 Be7 6. Bc4 O-O 7. O-O c6 8. a4
b6 9. b4 Bb7 10. Qd3 d5 11. Bb3 c5 12. Nxd5 cxd4 13. Bd2 a5 14. Rfe1 axb4 15.
Nxf6+ Bxf6 16. Bxb4 Be7 17. Bxe7 Qxe7 18. Nd2 Rfc8 19. Bc4 Nc5 20. Qa3 Rxa4 21.
Qb2 Rxa1 22. Qxa1 Nxe4 23. Nxe4 Rxc4 24. Nd2 Qg5 25. Ne4 Bxe4 26. Rxe4 h6 27.
Re2 d3 28. Rxe5 dxc2 0-1

[Event "Olimpiade 2014 - Open"]
[Site "Tromsø"]
[Date "06.08.2014"]
[Round "5.71"]
[Board "2"]
[White "Sands, David A"]
[Black "Bueno, Mark"]
[Result "1/2-1/2"]
[WhiteElo "2210"]
[BlackElo "1828"]
[WhiteTeam "Wales"]
[BlackTeam "Aruba"]
[WhiteFideId "402060"]
[BlackFideId "15900371"]
[EventDate "2014.08.02"]

1. d4 Nf6 2. c4 e6 3. Nf3 b6 4. g3 Bb7 5. Bg2 Be7 6. O-O O-O 7. Re1 d5 8. cxd5
exd5 9. Nc3 Nbd7 10. Bf4 a6 11. Rc1 c5 12. dxc5 Nxc5 13. Nd4 Qd7 14. h3 Rac8 15.
Be3 b5 16. Nc2 Ne6 17. a3 Bc5 18. Bxc5 Nxc5 19. Nd4 Nce4 20. Qd3 Nxc3 21. Rxc3
Rxc3 22. Qxc3 Rc8 23. Qd3 Qc7 24. e3 Ne4 25. Re2 Qc1+ 26. Kh2 g6 27. Nb3 Qc7 28.
Qd1 Nf6 29. Nd4 Qc1 30. Qxc1 Rxc1 31. Rc2 Rxc2 32. Nxc2 Kf8 33. f3 h5 34. Kg1
Ke7 35. Kf2 Kd6 36. Ke2 Nd7 37. Nd4 Nc5 38. Kd2 Ne6 39. Kc3 Nxd4 40. Kxd4 a5 41.
b4 axb4 42. axb4 Bc6 43. g4 hxg4 44. hxg4 g5 45. Bf1 f6 46. Bd3 Bd7 47. Bg6 Bc8
48. Be8 Ba6 49. Bf7 Bb7 50. Bg6 Bc8 51. Bc2 Bd7 52. Bb3 Bc6 53. Bd1 Bb7 54. Bc2
Bc6 55. Bh7 Bb7 56. Bg8 Ba8 57. Bf7 Bc6 58. Bg6 Bd7 59. Bb1 Bc6 60. Bd3 Bd7 1/2-1/2

[Event "Olimpiade 2014 - Open"]
[Site "Tromsø"]
[Date "06.08.2014"]
[Round "5.71"]
[Board "3"]
[White "Pesqueira, Jose"]
[Black "Rayner, Francis"]
[Result "0-1"]
[WhiteTitle "CM"]
[WhiteElo "1969"]
[BlackElo "2177"]
[WhiteTeam "Aruba"]
[BlackTeam "Wales"]
[WhiteFideId "15900037"]
[BlackFideId "1800132"]
[EventDate "2014.08.02"]

1. d4 Nf6 2. Nf3 g6 3. Bg5 Bg7 4. Nbd2 d5 5. c3 O-O 6. e3 Nbd7 7. Be2 Re8 8. O-O
c6 9. h3 e5 10. Nxe5 Nxe5 11. dxe5 Rxe5 12. Bf4 Re8 13. Qb3 Qe7 14. Rfe1 Be6 15.
Qc2 Bf5 16. Bd3 Bxd3 17. Qxd3 Nd7 18. Qc2 Nc5 19. a4 Rad8 20. a5 a6 21. Rad1 Ne6
22. Bg3 Qc5 23. Ra1 Qe7 24. Kh1 h6 25. Kg1 f5 26. Ra4 Qf7 27. Kf1 Qf6 28. Bh4 g5
29. Bg3 Re7 30. Raa1 f4 31. exf4 gxf4 32. Bh2 Rde8 33. Nf3 Ng5 34. Nxg5 hxg5 35.
Rxe7 Rxe7 36. Re1 Rxe1+ 37. Kxe1 Qe5+ 38. Qe2 Kf7 39. Qxe5 Bxe5 40. Ke2 Ke6 41.
g3 Kf5 42. g4+ Kf6 43. Kd3 c5 44. f3 c4+ 45. Kc2 Bc7 46. b4 cxb3+ 47. Kxb3 Bxa5
48. Bg1 Bc7 49. Bd4+ Be5 50. Bb6 Ke6 51. Kb4 Bf6 52. Kb3 Kd6 53. Bf2 Kc6 54. Kb4
b6 55. Kb3 a5 56. Be1 Kb5 57. Bd2 a4+ 58. Kc2 Kc4 59. h4 gxh4 60. Bxf4 Bxc3 61.
Bd6 h3 62. g5 a3 0-1

[Event "Olimpiade 2014 - Open"]
[Site "Tromsø"]
[Date "06.08.2014"]
[Round "5.71"]
[Board "4"]
[White "Jameson, David"]
[Black "Croes, Octavio"]
[Result "1-0"]
[BlackTitle "CM"]
[WhiteElo "2125"]
[BlackElo "1892"]
[WhiteTeam "Wales"]
[BlackTeam "Aruba"]
[WhiteFideId "1801538"]
[BlackFideId "1007220"]
[EventDate "2014.08.02"]

1. c4 Nf6 2. Nc3 c5 3. Nf3 g6 4. e4 d6 5. d4 cxd4 6. Nxd4 Bg7 7. Be2 O-O 8. Be3
Nc6 9. Nc2 Be6 10. O-O a6 11. f3 Rc8 12. Qd2 Ne5 13. b3 Qc7 14. Rac1 b5 15. Nd5
Bxd5 16. cxd5 Qc3 17. Qxc3 Rxc3 18. Bd4 Rc7 19. Nb4 Rfc8 20. Rxc7 Rxc7 21. Nxa6
Rc2 22. Bxb5 Rxa2 23. Nb4 Ra8 24. Nc6 Nxc6 25. dxc6 Ne8 26. Be3 Rb8 27. Ba4 Nc7
28. Rd1 Kf8 29. Kf2 Ke8 30. g4 Kd8 31. h4 Ne6 32. Rd5 Kc7 33. Ra5 Be5 34. Ra7+
Kd8 35. Rd7+ Kc8 36. Rxe7 Bf6 37. Rxf7 Bxh4+ 38. Ke2 h5 39. gxh5 gxh5 40. Rh7
Nc5 41. Bxc5 dxc5 42. Rxh5 1-0

[Event "Olimpiade 2014 - Open"]
[Site "Tromsø"]
[Date "06.08.2014"]
[Round "5.72"]
[Board "1"]
[White "Mesfin, Leykun"]
[Black "Emojong, Elijah"]
[Result "0-1"]
[BlackTitle "IM"]
[WhiteElo "2131"]
[BlackElo "2334"]
[WhiteTeam "Ethiopia"]
[BlackTeam "Uganda"]
[WhiteFideId "15700097"]
[BlackFideId "10000402"]
[EventDate "2014.08.02"]

1. e4 e5 2. Nf3 Nf6 3. Nxe5 d6 4. Nf3 Nxe4 5. Nc3 Nf6 6. d4 Be7 7. h3 O-O 8. Bd3
Na6 9. a3 c6 10. O-O Re8 11. Re1 Nc7 12. Ne4 d5 13. Nxf6+ Bxf6 14. Ne5 Bxe5 15.
dxe5 Qh4 16. Bd2 c5 17. c3 c4 18. Bc2 a5 19. Qf3 Ra6 20. Re2 Rb6 21. Bf4 Rf8 22.
Qe3 Rc6 23. Bg3 Qh5 24. Rae1 Bf5 25. Bd1 Qg6 26. Rd2 Bd3 27. Bf3 h5 28. Qd4 Qh6
29. Qe3 g5 30. h4 g4 31. Qxh6 Rxh6 32. Bd1 Ne6 33. f3 Rg6 34. Kh2 Ng7 35. Bf4
Ne6 36. Be3 b5 37. g3 Rb8 38. f4 Ng7 39. Bc5 Rc6 40. Bd6 Re8 41. Rg1 Nf5 42. Bc2
Bxc2 43. Rxc2 Nxd6 44. exd6 Rxd6 45. Rd1 f6 46. Kg2 Kf7 47. Kf2 Re4 48. Rcd2 Ke6
49. Rd4 Rxd4 50. Rxd4 b4 51. axb4 axb4 52. Rd1 Ra6 53. Ke3 Ra2 54. Rd2 bxc3 55.
bxc3 Ra1 56. Rc2 Kd6 57. Rb2 Re1+ 58. Kd2 Rg1 59. Rb6+ Ke7 60. Rb7+ Ke6 61. Rh7
Rxg3 62. Rxh5 Rd3+ 63. Kc2 Rf3 64. Rh8 Rxf4 65. h5 Rf2+ 0-1

[Event "Olimpiade 2014 - Open"]
[Site "Tromsø"]
[Date "06.08.2014"]
[Round "5.72"]
[Board "2"]
[White "Kawuma, Patrick"]
[Black "Tadese, Estube Haileselassie"]
[Result "1-0"]
[WhiteTitle "CM"]
[WhiteElo "2261"]
[BlackElo "1952"]
[WhiteTeam "Uganda"]
[BlackTeam "Ethiopia"]
[WhiteFideId "10000127"]
[BlackFideId "15700330"]
[EventDate "2014.08.02"]

1. c4 Nf6 2. Nc3 c5 3. g3 g6 4. Bg2 Bg7 5. e3 O-O 6. Nge2 d6 7. O-O Nbd7 8. d4
Rb8 9. h3 a6 10. a4 b6 11. d5 Ne8 12. Rb1 Nc7 13. b4 cxb4 14. Rxb4 Nc5 15. Ba3
Bd7 16. Qc2 Qe8 17. Rfb1 a5 18. Rxb6 Rxb6 19. Rxb6 Nxa4 20. Nxa4 Bxa4 21. Qd2
Qa8 22. Nd4 Qa7 23. Qb2 Rc8 24. Rb7 Qa6 25. Bf1 e5 26. dxe6 Nxe6 27. c5 Nxd4 28.
Bxa6 Nf3+ 29. Kg2 Bxb2 30. Rxb2 Ra8 31. Bb7 Rb8 32. Bxf3 Rxb2 33. Bxb2 dxc5 34.
Bc3 1-0

[Event "Olimpiade 2014 - Open"]
[Site "Tromsø"]
[Date "06.08.2014"]
[Round "5.72"]
[Board "3"]
[White "Belachew, Yimam Abera"]
[Black "Ssegwanyi, Arthur"]
[Result "0-1"]
[WhiteTitle "FM"]
[WhiteElo "2194"]
[BlackElo "2299"]
[WhiteTeam "Ethiopia"]
[BlackTeam "Uganda"]
[WhiteFideId "15700046"]
[BlackFideId "10000100"]
[EventDate "2014.08.02"]

1. e4 e6 2. d4 d5 3. Nc3 Bb4 4. Bd3 c5 5. exd5 Qxd5 6. Bb5+ Bd7 7. Bxd7+ Nxd7 8.
Nf3 Qc4 9. Qd3 Qxd3 10. cxd3 cxd4 11. Nxd4 Nc5 12. Ke2 Rd8 13. Be3 e5 14. Nf5 g6
15. Bxc5 Bxc5 16. Ne3 Ne7 17. Ne4 Bd4 18. Nf6+ Kf8 19. Rab1 Kg7 20. Ne4 Rd7 21.
b4 Rc8 22. Rhc1 Rdc7 23. Rxc7 Rxc7 24. Kd2 b6 25. Nd6 Rd7 26. Ne8+ Kh8 27. Rc1
Rd8 28. Nf6 Kg7 29. Ne4 Rd7 30. Nc3 a6 31. Rc2 Rc7 32. a4 f5 33. f3 Bxe3+ 34.
Kxe3 Nd5+ 35. Kd2 Nxb4 36. Rb2 a5 37. Na2 Nxa2 38. Rxa2 Rd7 39. Rb2 e4 40. fxe4
fxe4 41. Ke3 exd3 42. Kd2 Rd6 43. Rb5 Kf6 44. h4 Ke6 45. h5 Kd7 46. hxg6 hxg6
47. Rg5 Kc7 48. Rb5 Rd4 49. Rg5 Rxa4 50. Kxd3 Rf4 51. Rxg6 a4 52. Kc3 Kb7 53.
Kb2 Ka6 54. Rg5 Re4 55. g3 b5 56. Rg8 Ka5 57. Kc3 Re3+ 58. Kd4 Rf3 59. Kc5 Rc3+
60. Kd4 Kb4 61. Rg5 Rc4+ 62. Kd3 a3 63. Rg8 a2 64. Ra8 Rc3+ 65. Ke4 Ra3 0-1

[Event "Olimpiade 2014 - Open"]
[Site "Tromsø"]
[Date "06.08.2014"]
[Round "5.72"]
[Board "4"]
[White "Wanyama, Harold"]
[Black "Altaye, Girum Teklewold"]
[Result "1-0"]
[WhiteTitle "FM"]
[WhiteElo "2244"]
[BlackElo "1960"]
[WhiteTeam "Uganda"]
[BlackTeam "Ethiopia"]
[WhiteFideId "10000380"]
[BlackFideId "15700356"]
[EventDate "2014.08.02"]

1. d4 d5 2. c4 e6 3. g3 Nf6 4. Bg2 c5 5. cxd5 Nxd5 6. Nf3 Nc6 7. O-O Be7 8. a3
cxd4 9. Nxd4 Nxd4 10. Qxd4 O-O 11. Rd1 Qc7 12. e4 Bc5 13. Qa4 Nf6 14. Nc3 Ng4
15. Rf1 Bd7 16. Qd1 Ne5 17. Bf4 Rad8 18. Rc1 Qb8 19. Qh5 Bd6 20. Rfd1 f6 21. Rc2
Bc7 22. Bh3 Nf7 23. Nd5 Bd6 24. Bxd6 Nxd6 25. Ne7+ Kh8 26. Ng6+ Kg8 27. Nxf8
Kxf8 28. Rcd2 Ba4 29. Re1 Nf7 30. Bxe6 Ng5 31. Bd5 Be8 32. Qd1 Qd6 33. f4 Nf7
34. Qf3 Bc6 35. Red1 Re8 36. Qf2 Bxd5 37. Rxd5 Qc6 38. Qxa7 b6 39. Rd7 Nh6 40.
Qc7 Qxe4 41. Qd6+ Kg8 42. Qd5+ Qxd5 43. R1xd5 Re2 44. Rb5 Re6 45. a4 Ng4 1-0

[Event "Olimpiade 2014 - Open"]
[Site "Tromsø"]
[Date "06.08.2014"]
[Round "5.73"]
[Board "1"]
[White "Sanon, Mondoly"]
[Black "Warner, Delisle"]
[Result "1-0"]
[BlackTitle "IM"]
[WhiteElo "2012"]
[BlackElo "2243"]
[WhiteTeam "Haiti"]
[BlackTeam "Barbados"]
[WhiteFideId "11900059"]
[BlackFideId "11100109"]
[EventDate "2014.08.02"]

1. e4 e6 2. d4 d5 3. exd5 exd5 4. Bd3 Nc6 5. c3 Bd6 6. Nf3 Nge7 7. Qc2 Bg4 8.
Nbd2 Qd7 9. b3 Qe6+ 10. Kf1 O-O-O 11. a4 Kb8 12. b4 Ng6 13. h3 h5 14. a5 Nf4 15.
b5 Nxd3 16. Qxd3 Bf5 17. Qe3 Qxe3 18. fxe3 Bd3+ 19. Kf2 Bxb5 20. Ba3 Rh6 21.
Bxd6 cxd6 22. Rhe1 f5 23. Ng5 Rf6 24. g3 Rc8 25. h4 Bd3 26. Rec1 Ne7 27. Ra4 Rc6
28. Kf3 Rf8 29. Ne6 Rfc8 30. Ra3 Be4+ 31. Kf4 Re8 32. Kg5 g6 33. Rb3 Rcc8 34.
Nxe4 dxe4 35. Rcb1 Nd5 36. Rxb7+ Ka8 37. Nf4 Nxe3 38. Rg7 Rb8 39. Rxb8+ Kxb8 40.
Kxg6 Nd1 41. Ne2 Rf8 42. Kxh5 Ne3 43. Kg5 f4 44. gxf4 Rf5+ 45. Kg6 Rxa5 46. Ng3
Ng2 47. Nxe4 Nxh4+ 48. Kf6 Rf5+ 49. Ke6 Rh5 50. Rg5 Rh6+ 51. Kd7 Kb7 52. Nxd6+
Kb6 53. Nc4+ Kb7 54. Nd6+ Kb6 55. f5 a5 56. f6 Rxf6 57. Nc4+ Kb7 58. Rb5+ Ka6
59. Rxa5+ Kb7 60. Nd6+ Kb6 61. Rb5+ Ka6 62. c4 Nf3 63. Rf5 Rxd6+ 64. Kxd6 Nxd4
65. Rf1 Nb3 66. c5 Nd4 67. c6 Kb6 68. Rb1+ Nb5+ 69. Rxb5+ Ka6 70. Rb7 1-0

[Event "Olimpiade 2014 - Open"]
[Site "Tromsø"]
[Date "06.08.2014"]
[Round "5.73"]
[Board "2"]
[White "Husbands, Orlando"]
[Black "Luxama, Jacques Muller"]
[Result "1/2-1/2"]
[WhiteTitle "FM"]
[WhiteElo "2118"]
[BlackElo "1893"]
[WhiteTeam "Barbados"]
[BlackTeam "Haiti"]
[WhiteFideId "11101644"]
[BlackFideId "11900113"]
[EventDate "2014.08.02"]

1. e4 e5 2. Nf3 Nf6 3. Bc4 Nc6 4. Ng5 d5 5. exd5 Na5 6. Bb5+ c6 7. dxc6 bxc6 8.
Bd3 h6 9. Ne4 Nxe4 10. Bxe4 Bc5 11. O-O O-O 12. d3 f5 13. Bf3 Ba6 14. Be2 Qf6
15. Be3 Bd6 16. Nc3 e4 17. dxe4 Rad8 18. Qe1 Nc4 19. Bxc4+ Bxc4 20. f4 Bxf1 21.
e5 Bxe5 22. fxe5 Qxe5 23. Kxf1 Rfe8 24. Bxa7 Qxh2 25. Qf2 Qh1+ 26. Qg1 Qh4 27.
Qf2 Qh1+ 28. Qg1 Qh5 29. Qf2 Qh1+ 30. Qg1 Qh4 31. Qf2 Qh1+ 32. Qg1 Qh4 1/2-1/2

[Event "Olimpiade 2014 - Open"]
[Site "Tromsø"]
[Date "06.08.2014"]
[Round "5.74"]
[Board "1"]
[White "Blijstra, Wim"]
[Black "Mooney, Graham"]
[Result "1-0"]
[WhiteElo "2201"]
[BlackElo "1880"]
[WhiteTeam "Netherlands Antilles"]
[BlackTeam "Jersey"]
[WhiteFideId "1018000"]
[BlackFideId "15600106"]
[EventDate "2014.08.02"]

1. d4 Nf6 2. c4 g6 3. Nc3 Bg7 4. e4 O-O 5. Be3 d6 6. f3 e5 7. Nge2 a5 8. Qd2 Na6
9. O-O-O exd4 10. Nxd4 Nc5 11. Be2 Ne6 12. Nc2 Qe7 13. g4 b6 14. Nd5 Nxd5 15.
cxd5 Nc5 16. Bd4 Ba6 17. Bxg7 Kxg7 18. h4 Qf6 19. Bxa6 Rxa6 20. Rh3 h6 21. g5
Qe5 22. gxh6+ Kh7 23. Rg1 Qf4 24. Ne3 Rg8 25. Rg4 Qxh6 26. h5 gxh5 27. Rgh4 Rg5
28. Ng4 Qg6 29. Rxh5+ Rxh5 30. Rxh5+ Qxh5 31. Nf6+ Kg6 32. Nxh5 Kxh5 33. Qh2+
Kg6 34. Qh8 a4 35. Qg8+ Kf6 36. Qd8+ Ke5 37. Qxc7 Kd4 38. Kd2 a3 39. b4 Nb3+ 40.
axb3 Ke5 41. Qxf7 a2 42. Ke3 a1=Q 43. f4# 1-0

[Event "Olimpiade 2014 - Open"]
[Site "Tromsø"]
[Date "06.08.2014"]
[Round "5.74"]
[Board "2"]
[White "Wojciechowski, Paul"]
[Black "Maduro, Sherman"]
[Result "0-1"]
[WhiteTitle "CM"]
[BlackTitle "CM"]
[WhiteElo "2056"]
[BlackElo "1993"]
[WhiteTeam "Jersey"]
[BlackTeam "Netherlands Antilles"]
[WhiteFideId "15600017"]
[BlackFideId "7500122"]
[EventDate "2014.08.02"]

1. e4 c5 2. Nf3 d6 3. d4 cxd4 4. Nxd4 Nf6 5. Nc3 g6 6. Be3 Bg7 7. f3 O-O 8. Bc4
Nc6 9. Bb3 Bd7 10. Qd2 Rc8 11. O-O-O Re8 12. h4 Na5 13. h5 Nxb3+ 14. cxb3 Nxh5
15. g4 Nf6 16. Kb1 Qa5 17. Qh2 Be6 18. Bd2 Qe5 19. Bf4 Qa5 20. e5 dxe5 21. Bxe5
h5 22. gxh5 Nxh5 23. Bxg7 Bf5+ 24. Ka1 Kxg7 25. b4 Qc7 26. Nxf5+ Kg8 27. Qg1 Ng7
28. Nxg7 Kxg7 29. Qg5 Rh8 30. Rxh8 Rxh8 31. Nd5 Qd6 32. Qxe7 Qxd5 33. Qe1 Qxf3
34. a3 Qf6 35. Qg3 Qh4 36. Qe5+ Qf6 37. Qg3 Rh5 38. Qc7 Qe5 39. Qxb7 Rh2 40. Rb1
Qd4 41. Qc7 Rf2 42. Qc5 Rd2 43. Qe7 Rd3 44. Rf1 Rxa3+ 0-1

[Event "Olimpiade 2014 - Open"]
[Site "Tromsø"]
[Date "06.08.2014"]
[Round "5.74"]
[Board "3"]
[White "Izijk, Jimmy"]
[Black "Kahn, Tito"]
[Result "1-0"]
[WhiteElo "2026"]
[BlackElo "2000"]
[WhiteTeam "Netherlands Antilles"]
[BlackTeam "Jersey"]
[WhiteFideId "7500041"]
[BlackFideId "15600084"]
[EventDate "2014.08.02"]

1. d4 d5 2. Nf3 Bf5 3. c4 e6 4. Qb3 Nc6 5. e3 Nb4 6. Na3 dxc4 7. Bxc4 c6 8. Bd2
a5 9. O-O h6 10. Rfe1 Nf6 11. Be2 Be7 12. Rec1 O-O 13. Nc4 a4 14. Qd1 Ne4 15.
Be1 c5 16. a3 Nc6 17. Nfe5 Nxe5 18. Nxe5 f6 19. Nf3 Qb6 20. Bc4 Rfd8 21. Qe2 Bg4
22. h3 Bh5 23. g4 Bf7 24. Qc2 Ng5 25. Nxg5 hxg5 26. Bc3 cxd4 27. Bxd4 Rxd4 28.
exd4 Qxd4 29. Rd1 Qf4 30. Qc1 Qe5 31. Qe3 Qxb2 32. Bxe6 Rd8 33. Rxd8+ Bxd8 34.
Bxf7+ Kxf7 35. Re1 Qb5 36. Qe6+ Kf8 37. Rd1 Bb6 38. Rd7 Qb1+ 39. Kg2 1-0

[Event "Olimpiade 2014 - Open"]
[Site "Tromsø"]
[Date "06.08.2014"]
[Round "5.75"]
[Board "1"]
[White "Anquandah, Francis Eric"]
[Black "Bacchas, Clevert"]
[Result "1-0"]
[BlackTitle "CM"]
[WhiteElo "1963"]
[BlackElo "1948"]
[WhiteTeam "Ghana"]
[BlackTeam "Bermuda"]
[WhiteFideId "12600148"]
[BlackFideId "8800758"]
[EventDate "2014.08.02"]

1. e4 c5 2. Nf3 d6 3. d4 cxd4 4. Nxd4 Nf6 5. Nc3 a6 6. Be2 e6 7. Be3 Be7 8. O-O
Qc7 9. f4 Nc6 10. Bf3 Bd7 11. a3 Nxd4 12. Bxd4 Bc6 13. Qd3 e5 14. Be3 O-O 15. f5
Rfd8 16. Rad1 Rac8 17. Qe2 b5 18. g4 Qb7 19. Bc1 a5 20. g5 Ne8 21. Qg2 Kh8 22.
Qh3 g6 23. Bg2 Bf8 24. fxg6 fxg6 25. Rxf8+ Kg7 26. Qh6# 1-0

[Event "Olimpiade 2014 - Open"]
[Site "Tromsø"]
[Date "06.08.2014"]
[Round "5.75"]
[Board "4"]
[White "Dill, James"]
[Black "Thompson, Edward Nii Lamptey"]
[Result "0-1"]
[WhiteElo "1899"]
[BlackElo "1854"]
[WhiteTeam "Bermuda"]
[BlackTeam "Ghana"]
[WhiteFideId "8800049"]
[BlackFideId "12600113"]
[EventDate "2014.08.02"]

1. e4 e5 2. Nf3 Nc6 3. Bb5 a6 4. Ba4 Nf6 5. d3 b5 6. Bb3 Be7 7. Bg5 d6 8. h3 O-O
9. O-O Be6 10. Bxf6 Bxf6 11. Nc3 Ne7 12. Qd2 Ng6 13. Ne2 Bd7 14. Rad1 Qe7 15. c4
c5 16. a3 Rfb8 17. Nc3 Bc6 18. cxb5 axb5 19. Bd5 Qc7 20. Ng5 Bxd5 21. Nxd5 Qd8
22. Nxf6+ Qxf6 23. Nf3 Nf4 24. Kh2 b4 25. axb4 Rxb4 26. Rc1 Rab8 27. Rc2 Rb3 28.
Ne1 Qh6 29. f3 Qe6 30. Rf2 Qd7 31. Qd1 Ne6 32. Qc1 Qb5 33. Rcd2 Nd4 34. g3 Ra8
35. f4 Ra4 36. fxe5 dxe5 37. Kg2 f6 38. h4 Ra5 39. Kh3 Rb4 40. g4 Nb3 41. Qc3
Nxd2 42. Rxd2 Rb3 43. Qc1 Ra2 44. Rc2 Ra5 45. h5 h6 46. Kg3 Qb6 47. Rd2 Rab5 48.
Qc4+ Kf8 49. Ng2 Qb7 50. Nh4 Qf7 51. Qa4 R3b4 52. Qa8+ Rb8 53. Qc6 R4b5 54. Qd6+
Kg8 55. Rf2 c4 56. Rf3 cxd3 57. Rxd3 Rb3 58. Rxb3 Qxb3+ 59. Nf3 Qxb2 0-1

[Event "Olimpiade 2014 - Open"]
[Site "Tromsø"]
[Date "06.08.2014"]
[Round "5.77"]
[Board "1"]
[White "Phillips, Roy"]
[Black "Ahmed, Ashraf"]
[Result "1-0"]
[WhiteTitle "FM"]
[BlackTitle "FM"]
[WhiteElo "2272"]
[BlackElo "1817"]
[WhiteTeam "Mauritius"]
[BlackTeam "Maldives"]
[WhiteFideId "404136"]
[BlackFideId "16700031"]
[EventDate "2014.08.02"]

1. d4 f5 2. g3 e6 3. Bg2 Nf6 4. Nf3 Nc6 5. O-O Bd6 6. c4 b6 7. Nc3 Bb7 8. Nb5
O-O 9. b3 Ne4 10. Bb2 a6 11. Nxd6 cxd6 12. Nd2 Nxd2 13. Qxd2 Na5 14. d5 Rc8 15.
Bc3 e5 16. f4 Qc7 17. Kh1 Ba8 18. Bxa5 bxa5 19. a4 Rb8 20. Rab1 Rb4 21. Rb2 Qc5
22. e4 fxe4 23. Bxe4 Rbb8 24. Rbb1 Rbe8 25. Rbe1 Qc7 26. Bc2 Rf6 27. g4 Ref8 28.
f5 g6 29. g5 R6f7 30. f6 Qc5 31. Be4 Rb8 32. Qc2 Rc8 33. Qd3 Rb8 34. Bxg6 hxg6
35. Qxg6+ Kf8 36. Qh6+ Kg8 37. g6 Bxd5+ 38. cxd5 Qxd5+ 39. Kg1 Rb4 40. gxf7+
Qxf7 41. Qg5+ Kf8 42. Re3 Qe6 43. Qg7+ 1-0

[Event "Olimpiade 2014 - Open"]
[Site "Tromsø"]
[Date "06.08.2014"]
[Round "5.77"]
[Board "2"]
[White "Mohamed, Hassan MDV"]
[Black "Chinasamy, Devarajen"]
[Result "1-0"]
[WhiteTitle "CM"]
[BlackTitle "CM"]
[WhiteElo "1830"]
[BlackElo "2085"]
[WhiteTeam "Maldives"]
[BlackTeam "Mauritius"]
[WhiteFideId "16700058"]
[BlackFideId "9700072"]
[EventDate "2014.08.02"]

1. e4 c5 2. Nf3 g6 3. g3 Nc6 4. Bg2 Bg7 5. O-O Nf6 6. d3 O-O 7. h3 d5 8. exd5
Nxd5 9. a3 Rb8 10. Nbd2 f5 11. c3 b6 12. d4 cxd4 13. Nxd4 Nxd4 14. cxd4 Bb7 15.
Nf3 Rc8 16. Ng5 Qd7 17. Qe2 Rfe8 18. Ne6 Bf6 19. Bh6 Rc6 20. Rfe1 Bc8 21. Nf4
Nxf4 22. Bxf4 Re6 23. Qc4 Kg7 24. Be5 b5 25. Qb3 Rb6 26. Rac1 Bxe5 27. dxe5 Qd2
28. e6 Bxe6 29. Qf3 Qxb2 30. Rc6 Rxc6 31. Qxc6 Bf7 32. Qc5 Qf6 33. Qxb5 e5 34.
Qa5 Re7 35. Qc5 Qe6 36. Bd5 Qf6 37. Bg2 Be8 38. h4 a6 39. Bf1 Bf7 40. Bxa6 e4
41. Bf1 Qe5 42. Qxe5+ Rxe5 43. Ra1 Be8 44. Be2 Ba4 45. Kf1 Kf6 46. Bd1 Bxd1 47.
Rxd1 Ra5 48. Ra1 Ke5 49. Ke2 h5 50. Ke3 Ra4 51. Ra2 Kd5 52. Rd2+ Ke6 53. Ra2 Ke5
54. Ra1 Ra5 55. a4 Kd5 56. Kf4 Ra6 57. a5 Ke6 58. Kg5 Ke5 59. Ra4 Kd5 60. Rb4
Rxa5 61. Kxg6 Ke5 62. Kg5 Rc5 63. Rb2 Ra5 64. Kxh5 f4 65. Kg4 fxg3 66. Kxg3 Ra3+
67. Kg2 Kf4 68. Re2 Ra7 69. Re3 Rh7 70. Rh3 Rh5 71. Rh1 Kg4 72. Re1 Re5 73. h5
Kxh5 74. Kg3 Kg5 75. f4+ 1-0